[Event "Let's Play Chess!"]
[Site "http://www.queenalice.com/game.php?id=1434739"]
[Date "2016.8.5"]
[Round "-"]
[White "Fun_chess"]
[Black "dnptrs"]
[Result "1-0"]
[WhiteElo "1100"]
[BlackElo "2284"]

1. d4 Nf6 2. c4 e6 3. Nf3 d5 4. Nc3 Be7 5. Bg5 O-O 6. e3 c6 7. Bd3 dxc4 8. Bxc4
Nd5 9. Bxe7 Qxe7 10. O-O Nxc3 11. bxc3 b5 12. Bd3 Bb7 13. Qc2 g6 14. a4 a6 15.
c4 bxc4 16. Qxc4 a5 17. Rfc1 Na6 18. Be4 Nb4 19. Ne5 Rfc8 20. Nd3 Nxd3 21. Qxd3
e5 22. Rc5 Qe6 23. Rxe5 Qd6 24. Rc5 Qe6 25. Rb1 Qa2 26. Rxb7 1-0

[Event "Let's Play Chess!"]
[Site "http://www.queenalice.com/game.php?id=1434898"]
[Date "2016.8.6"]
[Round "-"]
[White "Fun_chess"]
[Black "ulisses67"]
[Result "0-1"]
[WhiteElo "1100"]
[BlackElo "1611"]

1. d4 d5 2. c4 dxc4 3. Nf3 Qd5 4. Nc3 Qa5 5. e3 Be6 6. Ne5 Bd5 7. Bxc4 Bxc4 8.
Nxc4 Qb4 9. Qf3 Nc6 10. Nd2 e5 11. Nd5 Qa5 12. O-O Nf6 13. Nxf6+ Kd8 14. Nc4 Qb4
15. Nxe5 Nxe5 16. dxe5 Be7 17. Rd1+ Kc8 0-1

[Event "Let's Play Chess!"]
[Site "http://www.queenalice.com/game.php?id=1434900"]
[Date "2016.8.6"]
[Round "-"]
[White "josebaron"]
[Black "Fun_chess"]
[Result "1-0"]
[WhiteElo "2001"]
[BlackElo "1100"]

1. e4 Nf6 2. Nc3 d5 3. exd5 Nxd5 4. Nf3 Bg4 5. Be2 e6 6. d4 Bb4 7. Bd2 O-O 8.
O-O Nc6 9. a3 Bd6 10. Nxd5 exd5 11. c3 h6 12. h3 Bf5 13. b4 Ne7 14. Nh4 Be4 15.
Nf3 Ng6 16. Be3 f5 17. Bd3 1-0

[Event "AUTO-OPEN-3689"]
[Site "http://www.queenalice.com/game.php?id=1434924"]
[Date "2016.8.5"]
[Round "1"]
[White "ChessColossos"]
[Black "Fun_chess"]
[Result "0-1"]
[WhiteElo "1916"]
[BlackElo "1170"]

1. e4 Nf6 2. Nc3 d5 3. exd5 Nxd5 4. Nxd5 Qxd5 5. Nf3 Bg4 6. Be2 Nc6 7. c3 e5 8.
c4 Qa5 9. O-O O-O-O 10. h3 Bf5 11. Nh4 Be4 12. Bh5 Nd4 13. Qg4+ f5 14. Nxf5 Bxf5
15. Qxf5+ Nxf5 16. Bg4 e4 17. Re1 g6 18. Rxe4 Bh6 19. f4 Rhe8 20. Rxe8 Rxe8 21.
g3 Qc5+ 22. Kh2 Qf2+ 0-1

[Event "AUTO-OPEN-3689"]
[Site "http://www.queenalice.com/game.php?id=1434925"]
[Date "2016.8.5"]
[Round "1"]
[White "Fun_chess"]
[Black "ChessColossos"]
[Result "0-1"]
[WhiteElo "1053"]
[BlackElo "1961"]

1. d4 e6 2. c4 b6 3. Nf3 Nf6 4. Nc3 Bb7 5. Bg5 Be7 6. e3 h6 7. Bf4 Nh5 8. Be5 f6
9. Nh4 fxe5 10. Qxh5+ Kf8 11. Ng6+ Kg8 12. Nxe5 Qf8 13. Ng6 Qf7 14. Qg4 Nc6 15.
Nxh8 Kxh8 16. Bd3 Nb4 17. Bb1 Rf8 18. O-O Bg5 19. f4 Be7 20. a3 Nc6 21. Be4 a5
22. f5 exf5 23. Rxf5 Qxc4 0-1

[Event "AUTO-OPEN-3689"]
[Site "http://www.queenalice.com/game.php?id=1434950"]
[Date "2016.8.5"]
[Round "1"]
[White "Fun_chess"]
[Black "Narizinho"]
[Result "0-1"]
[WhiteElo "1170"]
[BlackElo "1212"]

1. d4 d5 2. c4 dxc4 3. Nf3 Nf6 4. e3 Nc6 5. Bxc4 e6 6. O-O Be7 7. Nc3 O-O 8. e4
Na5 9. Bd3 Bd7 10. d5 exd5 11. e5 Ne8 12. Nxd5 Be6 13. Nf4 c6 0-1

[Event "AUTO-OPEN-3689"]
[Site "http://www.queenalice.com/game.php?id=1434951"]
[Date "2016.8.5"]
[Round "1"]
[White "Narizinho"]
[Black "Fun_chess"]
[Result "1-0"]
[WhiteElo "1249"]
[BlackElo "1090"]

1. e4 Nf6 2. Nc3 d5 3. exd5 Nxd5 4. Nxd5 Qxd5 5. Be2 Qxg2 6. d3 Qxh1 7. Bd2
Qxg1+ 8. Bf1 Bh3 9. Ke2 Bg4+ 10. Ke3 Bxd1 11. c3 Qxf1 12. Rc1 Qe2+ 13. Kd4 b5
14. a3 1-0

[Event "AUTO-OPEN-3689"]
[Site "http://www.queenalice.com/game.php?id=1434952"]
[Date "2016.8.5"]
[Round "1"]
[White "Fun_chess"]
[Black "clovis"]
[Result "1-0"]
[WhiteElo "1100"]
[BlackElo "2100"]

1. d4 d5 2. c4 c6 3. Nf3 e6 4. Nc3 Nf6 5. Bg5 dxc4 6. e4 b5 7. e5 h6 8. Bh4 g5
9. Nxg5 hxg5 10. Bxg5 Be7 11. exf6 Bxf6 12. Be3 Bb7 13. Ne4 Be7 14. h4 Bb4+ 15.
Nc3 Nd7 16. Bg5 Qxg5 17. hxg5 Rxh1 18. Qf3 O-O-O 19. O-O-O c5 20. Qxf7 Rf8 21.
Qxe6 Bxc3 22. dxc5 Rd8 23. bxc3 Kc7 24. Qd6+ 1-0

[Event "AUTO-OPEN-3689"]
[Site "http://www.queenalice.com/game.php?id=1434953"]
[Date "2016.8.5"]
[Round "1"]
[White "clovis"]
[Black "Fun_chess"]
[Result "0-1"]
[WhiteElo "2100"]
[BlackElo "1100"]

1. e4 Nf6 2. Nc3 d5 3. exd5 Nxd5 4. Bc4 c6 5. Nf3 g6 6. O-O Bg7 7. d4 O-O 8. Re1
Bg4 9. h3 Bf5 10. Nxd5 cxd5 11. Bd3 Bxd3 12. Qxd3 Nc6 13. c3 Qd6 14. Bd2 Rfe8
15. Re2 a6 16. Rae1 e6 17. Ne5 Nxe5 18. dxe5 Qe7 19. Bf4 Rec8 20. Qe3 Rc4 21.
Bg5 Qc7 22. Bf6 Bxf6 23. exf6 Qf4 24. Qb6 Rb8 25. Rxe6 Re4 0-1

[Event "AUTO-OPEN-3690"]
[Site "http://www.queenalice.com/game.php?id=1435324"]
[Date "2016.8.8"]
[Round "1"]
[White "Narizinho"]
[Black "Fun_chess"]
[Result "1-0"]
[WhiteElo "1293"]
[BlackElo "1062"]

1. e4 Nf6 2. Nc3 d5 3. exd5 Nxd5 4. Nxd5 Qxd5 5. Ne2 Nc6 6. d3 Bg4 7. f3 Bh5 8.
Qd2 O-O-O 9. a3 e5 10. c3 Bc5 11. b4 Be7 12. d4 1-0

[Event "AUTO-OPEN-3690"]
[Site "http://www.queenalice.com/game.php?id=1435325"]
[Date "2016.8.8"]
[Round "1"]
[White "Fun_chess"]
[Black "Narizinho"]
[Result "0-1"]
[WhiteElo "1137"]
[BlackElo "1226"]

1. d4 d5 2. c4 dxc4 3. Nf3 Nf6 4. e3 Nc6 5. Bxc4 e6 6. O-O Be7 7. Nc3 O-O 8. Qe2
Bd7 9. a3 a6 10. Rd1 Bd6 11. e4 b5 0-1

[Event "AUTO-OPEN-3690"]
[Site "http://www.queenalice.com/game.php?id=1435354"]
[Date "2016.8.8"]
[Round "1"]
[White "Fun_chess"]
[Black "Equiferus"]
[Result "0-1"]
[WhiteElo "1053"]
[BlackElo "1857"]

1. d4 f5 2. c4 Nf6 3. Nf3 g6 4. g3 Bg7 5. Bg2 O-O 6. O-O d6 7. Nc3 Bd7 8. Re1
Nc6 9. e4 fxe4 10. Nxe4 Bf5 11. Neg5 e5 12. dxe5 dxe5 13. Qb3 Na5 14. Qa4 c5 15.
Nxe5 Rc8 16. Bf4 h6 17. Rad1 Qb6 18. Ne4 Nxe4 19. Bxe4 Kh7 0-1

[Event "AUTO-OPEN-3690"]
[Site "http://www.queenalice.com/game.php?id=1435355"]
[Date "2016.8.8"]
[Round "1"]
[White "Equiferus"]
[Black "Fun_chess"]
[Result "0-1"]
[WhiteElo "2002"]
[BlackElo "1170"]

1. d4 d5 2. Nf3 Nf6 3. g3 b6 4. Ne5 Bb7 5. Bg2 g6 6. Nc3 Bg7 7. Bf4 a6 8. Qd2
Nbd7 9. O-O-O e6 10. Rde1 c5 11. b3 cxd4 12. Qxd4 Ng4 13. Bh3 Ngxe5 14. Bg2 O-O
15. Qd2 Rc8 16. e4 Ng4 17. exd5 Bxc3 0-1

[Event "AUTO-OPEN-3690"]
[Site "http://www.queenalice.com/game.php?id=1435356"]
[Date "2016.8.8"]
[Round "1"]
[White "Fun_chess"]
[Black "Lopesq"]
[Result "0-1"]
[WhiteElo "1073"]
[BlackElo "1895"]

1. d4 d5 2. c4 dxc4 3. Nf3 c6 4. e3 Bg4 5. Bxc4 e6 6. O-O Be7 7. Nc3 Nf6 8. h3
Bh5 9. Qe2 Nbd7 10. e4 Bxf3 11. Qxf3 O-O 12. Bg5 h6 13. Be3 Bb4 14. e5 Bxc3 15.
bxc3 Nd5 16. Qg3 Kh8 17. Bd2 N5b6 18. Bd3 f5 0-1

[Event "AUTO-OPEN-3690"]
[Site "http://www.queenalice.com/game.php?id=1435357"]
[Date "2016.8.8"]
[Round "1"]
[White "Lopesq"]
[Black "Fun_chess"]
[Result "1-0"]
[WhiteElo "1908"]
[BlackElo "1073"]

1. c4 Nf6 2. Nc3 d5 3. cxd5 Nxd5 4. e4 Nb4 5. Qa4+ N8c6 6. a3 Nd3+ 7. Bxd3 Qxd3
8. Nf3 Bd7 9. b4 Nd4 10. Qxd7+ Kxd7 11. Ne5+ Kc8 12. Nxd3 Nc2+ 13. Kd1 Nxa1 14.
Bb2 Nb3 15. Ne5 Nd4 16. Nxf7 Rg8 17. Ng5 h6 18. Nf7 Nc6 19. Nd5 e6 20. Ne3 b5
21. d4 Kb7 22. Ke2 a5 23. d5 1-0

[Event "AUTO-BEG-643"]
[Site "http://www.queenalice.com/game.php?id=1436709"]
[Date "2016.8.18"]
[Round "1"]
[White "Wefferson44"]
[Black "Fun_chess"]
[Result "1-0"]
[WhiteElo "1816"]
[BlackElo "1053"]

1. e4 Nf6 2. Qf3 e5 3. Bc4 Bc5 4. g4 d5 5. exd5 Bxg4 6. Qg2 Qd6 7. h3 Bf5 8. d3
Nbd7 9. Nc3 a6 10. Be3 b5 11. Bb3 1-0